Lições de trevas (Registo nº 887)

Detalhes MARC
000 -Etiqueta do registo
Cabeçalho 00644nam0a2200241 4500
005 - Identificador da versão
Campo de controlo 20240822164003.0
010 ## - Número internacional normalizado dos livros (ISBN)
Número (ISBN) 972863272X
021 ## - Número do Depósito Legal
Código do país PT
Número 185001/02
100 ## - Dados gerais de processamento
Dados gerais de processamento 20160226d2002 m y0pory50030103ba
101 0# - Língua de publicação
Língua do texto, banda sonora, etc. Português
102 ## - Pais de publicação ou produção
País de publicação Portugal
200 1# - Titulo e menção de responsabilidade
Título próprio Lições de trevas
Primeira menção de responsabilidade Fernando Guimarães
205 ## - Menção da edição
Menção da edição 1ª ed
210 ## - Publicação, Distribuição, etc. 
Lugar da edição, distribuição, etc. Vila Nova de Famalicão
Nome do editor, distribuidor, etc. Quasi
Data da publicação, distribuição, etc. 2002
215 ## - Descrição física 
Indicação específica da natureza do documento e extensão da espécie 123, [12] p
225 2# - Colecção 
Título próprio da colecção Uma existência de papel
Indicação de volume 31
606 ## - Nome comum usado como assunto
Número de registo de entrada de autoridade 0002007
Palavra de ordem Literatura portuguesa
Subdivisão de assunto Poesia
Código do sistema CA
675 ## - Classificação Decimal Universal (CDU)
Notação 821.134.3-1
Edição 3ª ed.
Língua da edição por
700 ## - Nome de autor-pessoa física (responsabilidade principal)
Número de registo de entrada de autoridade 0001150
Palavra de ordem Guimarães
Outra parte do nome não tomada para palavra de ordem Fernando
Datas 1928-
942 ## - Elementos de entrada adicionados (Koha)
Tipo de item no Koha Livro
966 ## - Identificação da Biblioteca
Sigla EB2,3ENM
Exemplares
Situação do levantamento Origin of item (home branch) (coded) Biblioteca de empréstimo Código de barras Cota Circulation type (not for loan) Tipo de documento Nota do exemplar Damaged status
  Biblioteca Escolar Eng. Nuno Mergulhão Biblioteca Escolar Eng. Nuno Mergulhão BENM1604 82LP-1 GUI   Livro Sem mensagem